Responses for Show #3678 - Wednesday, September 6, 2000

Contestants

[<< previous game]

Michel Phillips, a lawyer from Smyrna, Georgia

Vanessa Fischer, an accountant from Creighton, Pennsylvania

George Schaeffer, a publisher from New York City, New York (whose 1-day cash winnings total $2,199)

[next game >>]

Jeopardy! Round responses

A BEE
CD
(Alex: You have to name the artist.)
E!
"F"
G-MEN
HI
(Alex: Stands for Hawaii.)
    $100 21
the queen bee

Michel
    $100 1
Bruce Springsteen

Vanessa
    $100 13
Talk Soup

Vanessa
    $100 8
the fairway

Michel
    $100 5
(Michel: What is treason?)

espionage (or spying)

Michel
Triple Stumper
    $100 26
hula

George
    $200 22
The Green Hornet

Michel
    $200 2
Elton John

Michel
    $200 17
Bruce Lee

George
    $200 9
Font

Vanessa
    $200 6
Waco

Michel
    $200 27
Don Ho

Michel
    $1,000 23
nectar

Michel
    $300 3
Billy Idol

Vanessa
    $300 18
Danny Bonaduce

George
    $300 14
(Michel: What is the femur?)

the fibula

VanessaMichel
    $300 7
the Black Panthers

Michel
    $300 28
a lei

George
    $400 24
beeswax

Michel
    $400 4
Cat Stevens

Michel
    $400 19
Robin Quivers (sidekick of Howard Stern)

Vanessa
    $400 15
Sigmund Freud (becomes fraud)

Vanessa
    $400 11
Abscam

Michel
    $400 29
(George: What is Wakikiki?)

Waikiki

GeorgeMichel
    $500 25
a bee eater

Triple Stumper
    $500 10
John Cougar Mellencamp

Michel
    $500 20
(George: What is Cancun?)

the Yucatan Peninsula

GeorgeMichel
    $500 16
a fan

Vanessa
    $500 12
Quantico

George
    $500 30
sugar cane

Michel

Scores at the first commercial break (after clue 16):

George Vanessa Michel
$500 $1,900 $1,700

Scores at the end of the Jeopardy! Round:

George Vanessa Michel
$500 $2,300 $5,000

Double Jeopardy! Round responses

JAY
KLM
N-O!
(Alex: Are we continuing the first round?)
PEA
Q
(Alex: It's all about devices that "Q" built for James Bond)
R...W
(Alex: The correct responses will begin with the letter R & end with the letter W)
    $200 16
Alan Jay Lerner

Vanessa
    $200 1
Amsterdam

Michel
    $200 21
Nancy Reagan

Michel
    $200 2
Thomas Jefferson

Michel
    $200 28
[The end-of-round signal sounds.]

tear gas

Michel
    $200 4
Row

Vanessa
    $400 17
John Jay

Michel
    $400 12
Douglas

Michel
    $400 22
Labor Day

Michel
    $400 3
Hans Christian Andersen

Vanessa
    $400 5
Review

Triple Stumper
    $600 18
Jay McInerney

George
    $600 13
(M: Who is Beatrix?)

Wilhelmina

GeorgeMichel
    $600 23
Do Not Resuscitate

Michel
    $1,500 9
Gregor Mendel

Michel
    $600 6
Raw

Michel
    $800 19
Jason "Jay" Gould

Michel
    $800 14
(George: What is Lego?)

Delft

GeorgeMichel
    $800 24
(V: What is the 19th?)
(with about a minute to go...)

18

VanessaMichel
    $800 10
Snow peas

Triple Stumper
    $800 27
X-rays

Michel
    $800 7
Rainbow

Michel
    $1000 20
Stephen Jay Gould

Michel
    $1000 15
Alitalia

Michel
    $1000 25
Taliban

George
    $1000 11
Idaho & Washington

Triple Stumper
    $1000 26
his watch

Triple Stumper
    $2,200 8
(M: No response)

Robin Goodfellow

Michel

Scores at the end of the Double Jeopardy! Round:

George Vanessa Michel
$1,900 $2,300 $12,900
(lock game)

[wagering suggestions for these scores]

Final Jeopardy! Round responses

XYZ AFFAIR
(Alex: History time!)
(Alex: After whom the term "gerrymandering" is named)
GeorgeWho is Henry C
$1,500
VanessaWho is Thomas Jef
$1,600
MichelWho is Van B
$2,000
Elbridge Gerry

Final scores:

George Vanessa Michel
$400 $700 $10,900
3rd place: ibeauty.com Gift Certificate 2nd place: MyPoints.com Gift Certificate New champion: $10,900

Game dynamics:

Coryat scores:

George Vanessa Michel
$1,900 $2,300 $13,500
8 R,
3 W
11 R,
1 W
32 R
(including 2 DDs),
4 W
(including 1 DD)

Combined Coryat: $17,700

[game clues] [game scores] [suggest correction]

Game tape date: 2000-07-25
The J! Archive is created by fans, for fans. Scraping, republication, monetization, and malicious use prohibited; this site may use cookies and collect identifying information. See terms. The Jeopardy! game show and all elements thereof, including but not limited to copyright and trademark thereto, are the property of Jeopardy Productions, Inc. and are protected under law. This website is not affiliated with, sponsored by, or operated by Jeopardy Productions, Inc. Join the discussion at JBoard.tv.